| 000 | 00945nam a2200277Ia 4500 | ||
|---|---|---|---|
| 003 | OSt | ||
| 005 | 20220923211231.0 | ||
| 006 | a|||||r|||| 00| 0 | ||
| 007 | ta | ||
| 008 | 220922b |||||||| |||| 00| 0 hin d | ||
| 020 |
_a9788171193318 _c600 |
||
| 024 | _a258,746 | ||
| 037 |
_b311, 30/06/2011, Vani Prakashan _cTextual |
||
| 040 |
_aARTS _cARTS _bhin |
||
| 041 |
_2hin _ahin |
||
| 082 | _aNT44, 152K7;N3 | ||
| 100 | _aजैन, नेमिचन्द्र | ||
| 245 | 0 | _aरंगदर्शन | |
| 246 | _aRangadarshana | ||
| 260 |
_aनई दिल्ली _b राधा कृष्ण प्रकाशन _c1993 |
||
| 300 |
_a215पृ. _ccm. |
||
| 650 | _a भारतीय सिनेमा | ||
| 650 | _aभारतीय सिनेमा | ||
| 942 |
_hNT44, 152K7;N3 _cTEXL _2CC |
||
| 999 |
_c297373 _d297373 |
||